00825pam a2200253 a 4500001000500000005001700005020001800022040002300040050001200063082001200075100002000087245009200107250003700199260003700236300005800273490002700331505000800358520005200366521002000418521002000438650006300458650001600521700003400537283720240116155009.0 a9780823409761 aDLCcDLCdDLCbeng00aE842.Z900a973.9221 aAdler, David A.12aA picture book of John F. Kennedy /cby David A. Adler ; illustrated by Robert Casilla. aPrinted and bound in August 2013 aNew York :bHoliday House,c1991 a28 unnumbered pages :bcolor illustrations ;c21 cm.1 aPicture book biography aR  aDepicts the life and career of John F. Kennedy. a730 bLexile  aR bRaz-Plus  0aPresidentszUnited StatesvBiographyvJuvenile literature. 1aPresidents.1 aCasilla, Roberteillustrator